[Event "77th Ukrainian Chess Championship"]
[Site "Poltava"]
[Date "2008.12.09"]
[Round "8"]
[White "Boroday, Sergey"]
[Black "Pavlov, Maxim"]
[Result "1/2-1/2"]
[WhiteElo "2370"]
[BlackElo "2367"]
[PlyCount "84"]
[EventDate "2008.12.02"]

1. Nf3 d5 2. c4 c6 3. d4 Nf6 4. Nc3 e6 5. cxd5 exd5 6. Bg5 h6 7. Bh4 Bf5 8. e3
Be7 9. Be2 Nbd7 10. O-O O-O 11. a3 a5 12. Rc1 Bh7 13. Nd2 Bd6 14. Bg3 Qe7 15.
Na4 Rfe8 16. Bxd6 Qxd6 17. Nc5 Nxc5 18. Rxc5 Nd7 19. Rc3 a4 20. Bg4 Nf6 21. Bh3
Re7 22. g3 Bg6 23. Re1 b6 24. Qc1 Rc7 25. Bg2 Raa7 26. e4 dxe4 27. Nxe4 Bxe4
28. Bxe4 Nxe4 29. Rxe4 Ra5 30. Rc4 f5 31. Re8+ Kh7 32. Qe3 Rd5 33. Rxa4 c5 34.
Raa8 Rxd4 35. Rh8+ Kg6 36. Qe8+ Rf7 37. Rc8 Rd1+ 38. Kg2 Qd5+ 39. Kh3 Qd7 40.
Rc6+ Rd6 41. Rxd6+ Qxd6 42. f4 Qe7 1/2-1/2

[Event "77th Ukrainian Chess Championship"]
[Site "Poltava"]
[Date "2008.12.10"]
[Round "9"]
[White "Miroshnichenko, Evgenij"]
[Black "Zubov, Alexander"]
[Result "1/2-1/2"]
[WhiteElo "2632"]
[BlackElo "2564"]
[PlyCount "20"]
[EventDate "2008.12.02"]

1. Nf3 d5 2. c4 c6 3. d4 Nf6 4. Qb3 g6 5. Bf4 dxc4 6. Qxc4 Bg7 7. e3 O-O 8. Be2
Be6 9. Qc1 Na6 10. O-O Rc8 1/2-1/2

[Event "77th Ukrainian Chess Championship"]
[Site "Poltava"]
[Date "2008.12.10"]
[Round "9"]
[White "Nyzhnyk, Illya"]
[Black "Baklan, Vladimir"]
[Result "0-1"]
[WhiteElo "2444"]
[BlackElo "2625"]
[PlyCount "68"]
[EventDate "2008.12.02"]

1. d4 Nf6 2. c4 g6 3. Nc3 Bg7 4. e4 O-O 5. Nf3 c6 6. Be2 d5 7. e5 Ne4 8. O-O
Nxc3 9. bxc3 dxc4 10. Bxc4 c5 11. e6 {(=)} Bxe6 12. Bxe6 fxe6 13. Qe2 Qd5 14.
Ng5 cxd4 15. Qxe6+ Qxe6 16. Nxe6 dxc3 17. Nxf8 Kxf8 18. Rb1 b6 19. Rb4 Nc6 20.
Rc4 Na5 21. Rf4+ Ke8 22. Re4 Rd8 23. g4 Nc6 24. Kg2 b5 25. Rfe1 Rd5 26. h4 a5
27. Ba3 b4 28. Bc1 Kd7 29. Bg5 Be5 30. Rc4 Bd6 31. Be3 Ne5 32. Re4 a4 33. Kh3
c2 34. Ra1 Rd1 0-1

[Event "77th Ukrainian Chess Championship"]
[Site "Poltava"]
[Date "2008.12.10"]
[Round "9"]
[White "Kravtsiv, Martyn"]
[Black "Zubarev, Alexander"]
[Result "1/2-1/2"]
[WhiteElo "2549"]
[BlackElo "2546"]
[PlyCount "43"]
[EventDate "2008.12.02"]

1. e4 c6 2. d4 d5 3. e5 Bf5 4. Nf3 e6 5. Be2 Nd7 6. O-O Bg6 7. Nbd2 Nh6 8. c3
Nf5 9. Nb3 Be7 10. a4 O-O 11. g4 Nh4 12. Nxh4 Bxh4 13. f4 f5 14. g5 h6 15. gxh6
gxh6 16. Kh1 Kh7 17. Be3 Rg8 18. Rg1 Rg7 19. Rg2 Qe7 20. Qc2 Rag8 21. Rag1 Qe8
22. Qd1 1/2-1/2

[Event "77th Ukrainian Chess Championship"]
[Site "Poltava"]
[Date "2008.12.10"]
[Round "9"]
[White "Kryvoruchko, Yuriy"]
[Black "Neverov, Valeriy"]
[Result "1/2-1/2"]
[WhiteElo "2627"]
[BlackElo "2571"]
[PlyCount "43"]
[EventDate "2008.12.02"]

1. e4 c5 2. c3 Nf6 3. e5 Nd5 4. d4 cxd4 5. Nf3 Nb6 6. cxd4 d5 7. Nc3 Nc6 8. Bb5
Bg4 9. h3 Bxf3 10. Qxf3 e6 11. O-O Rc8 12. Qg3 g6 13. Bg5 Be7 14. Bh6 Bf8 15.
Qf4 Bxh6 16. Qxh6 Qe7 17. Bxc6+ bxc6 18. a3 Qf8 19. Qf4 Qe7 20. Qh6 Qf8 21. Qf4
Qe7 22. Qh6 1/2-1/2

[Event "77th Ukrainian Chess Championship"]
[Site "Poltava"]
[Date "2008.12.10"]
[Round "9"]
[White "Tukhaev, Adam"]
[Black "Gasanov, Eldar"]
[Result "1/2-1/2"]
[WhiteElo "2498"]
[BlackElo "2550"]
[PlyCount "115"]
[EventDate "2008.12.02"]

1. e4 c5 2. Nf3 Nc6 3. d4 cxd4 4. Nxd4 Nf6 5. Nc3 d6 6. Bg5 e6 7. Qd2 a6 8.
O-O-O Be7 9. f4 Nxd4 10. Qxd4 b5 11. Bxf6 gxf6 12. e5 d5 13. Be2 Bd7 14. f5
fxe5 15. Qxe5 Bf6 16. Qg3 Qb8 17. fxe6 fxe6 18. Bh5+ Kd8 19. Qe3 Qe5 20. Qb6+
Kc8 21. Bf3 Qf4+ 22. Kb1 Bxc3 23. bxc3 Qc7 24. Qe3 Kb7 25. Bg4 Qb6 26. Rhe1
Qxe3 27. Rxe3 Rae8 28. Rde1 Rhg8 29. Bxe6 Rxe6 30. Rxe6 Bxe6 31. Rxe6 Rxg2 32.
Re7+ Kb6 33. Rxh7 Ka5 34. Rh4 Rf2 35. Kb2 Rg2 36. Kb3 Rf2 37. Rh6 Rf3 38. Kb2
Rf1 39. a3 Rh1 40. h4 Rh2 41. h5 Rh4 42. Rh8 d4 43. cxd4 Rxd4 44. h6 Rh4 45. h7
Rh3 46. Kc1 Rh2 47. Kd1 Rh1+ 48. Ke2 Rh3 49. Kf2 Rh1 50. Kg3 Rh6 51. Kg4 Rh1
52. Kf5 Rh2 53. Kg6 Rg2+ 54. Kf6 Rf2+ 55. Ke5 Re2+ 56. Kd4 Rd2+ 57. Kc3 Rh2 58.
Kb2 1/2-1/2

[Event "77th Ukrainian Chess Championship"]
[Site "Poltava"]
[Date "2008.12.10"]
[Round "9"]
[White "Solovchuk, Alexey"]
[Black "Maximov, Dmitry"]
[Result "0-1"]
[WhiteElo "2285"]
[BlackElo "2497"]
[PlyCount "98"]
[EventDate "2008.12.02"]

1. c4 Nf6 2. Nc3 g6 3. g3 Bg7 4. Bg2 O-O 5. e4 c5 6. Nge2 Nc6 7. O-O d6 8. d3
Rb8 9. Rb1 a6 10. a3 Ne8 11. b4 Nd4 12. Nxd4 cxd4 13. Ne2 b5 14. Nf4 Nc7 15. c5
dxc5 16. bxc5 Bb7 17. Qc2 Qd7 18. Bd2 Bc6 19. Qb3 e6 20. Rbc1 Rfc8 21. Ne2 Kh8
22. Ba5 Ne8 23. f4 Nf6 24. h3 Ng8 25. g4 Ne7 26. Ng3 Rf8 27. Bd2 Qc7 28. e5
Bxg2 29. Kxg2 a5 30. Ne4 b4 31. axb4 axb4 32. Qc4 Nc6 33. Rb1 Ra8 34. h4 Ra3
35. h5 Rfa8 36. Rb2 Kg8 37. hxg6 hxg6 38. Rfb1 R3a4 39. Be1 Qe7 40. Bg3 g5 41.
fxg5 Ra3 42. Rxb4 Nxb4 43. Rxb4 Qc7 44. g6 Ra2+ 45. Kh3 Re2 46. c6 Ra1 47. g5
Ra7 48. Nf6+ Bxf6 49. exf6 Re3 0-1

[Event "77th Ukrainian Chess Championship"]
[Site "Poltava"]
[Date "2008.12.10"]
[Round "9"]
[White "Boroday, Sergey"]
[Black "Zherebukh, Yaroslav"]
[Result "1/2-1/2"]
[WhiteElo "2301"]
[BlackElo "2473"]
[PlyCount "131"]
[EventDate "2008.12.02"]

1. Nf3 Nf6 2. c4 e6 3. g3 d5 4. Bg2 Be7 5. O-O O-O 6. d4 c6 7. Nc3 Nbd7 8. b3
b6 9. Qc2 Ba6 10. Rd1 Rc8 11. e4 dxc4 12. Bf4 b5 13. bxc4 bxc4 14. Qa4 Bb5 15.
Nxb5 cxb5 16. Qxb5 Nxe4 17. Rac1 Qe8 18. Qa6 Nb6 19. Ne5 Nd6 20. Qxa7 Nd5 21.
Bxd5 exd5 22. Re1 Nb5 23. Qb7 Bb4 24. Ng6 Bxe1 25. Ne7+ Kh8 26. Rxe1 Nxd4 27.
Qxd5 Qd8 28. Bd6 Re8 29. Qxd4 c3 30. Qf4 c2 31. Kg2 c1=Q 32. Rxc1 Rxc1 33. Qxf7
Re1 34. Nf5 Qf6 35. Qxf6 gxf6 36. Bb4 Rc1 37. Be7 Rc6 38. Bb4 Re5 39. Ne3 Kg7
40. a3 f5 41. Kf3 Kf6 42. g4 Rxe3+ 43. fxe3 fxg4+ 44. Kxg4 Ke5 45. Kf3 Rf6+ 46.
Kg2 Ke4 47. a4 Rb6 48. Be7 Ra6 49. Bd8 Rxa4 50. Bg5 Ra6 51. Bf4 Rg6+ 52. Kf2 h5
53. h4 Rg8 54. Bg5 Rc8 55. Kg3 Rc2 56. Bf4 Rc1 57. Kg2 Kd3 58. Kf2 Rh1 59. Bg5
Ke4 60. Kg2 Ra1 61. Kg3 Ra2 62. Bf4 Kd3 63. Kf3 Re2 64. Bg5 Re1 65. Kf4 Rxe3
66. Kf5 1/2-1/2

[Event "77th Ukrainian Chess Championship"]
[Site "Poltava"]
[Date "2008.12.10"]
[Round "9"]
[White "Vovk, Yuri"]
[Black "Pavlov, Maxim"]
[Result "1-0"]
[WhiteElo "2549"]
[BlackElo "2367"]
[PlyCount "47"]
[EventDate "2008.12.02"]

1. d4 d5 2. c4 c6 3. Nf3 Nf6 4. Nc3 e6 5. Bg5 h6 6. Bh4 dxc4 7. e4 b5 8. e5 g5
9. exf6 gxh4 10. Ne5 Qxf6 11. g3 Bb7 12. Bg2 Nd7 13. Qe2 Bb4 14. O-O Bxc3 15.
bxc3 Nxe5 16. dxe5 Qe7 17. a4 a6 18. Rfd1 Rd8 {(=)} 19. Qg4 Qg5 20. Rxd8+ Kxd8
21. Qd4+ Kc8 22. axb5 axb5 23. Qc5 hxg3 24. hxg3 1-0

[Event "77th Ukrainian Chess Championship"]
[Site "Poltava"]
[Date "2008.12.10"]
[Round "9"]
[White "Shtanko, Dmitro"]
[Black "Sitnikov, Anton"]
[Result "0-1"]
[WhiteElo "2301"]
[BlackElo "2480"]
[PlyCount "58"]
[EventDate "2008.12.02"]

1. e4 e5 2. Nf3 d6 3. d4 exd4 4. Nxd4 Nf6 5. Nc3 Be7 6. Bc4 O-O 7. O-O a6 8. a4
Nc6 9. Re1 Nb4 10. Bf4 c5 11. Nf3 Bg4 12. Rc1 Qd7 13. e5 dxe5 14. Nxe5 Qf5 15.
Qd2 Rad8 16. Qe3 Rd4 17. Nxg4 Nxg4 18. Qxe7 Qxf4 19. Ne4 Nc6 20. g3 Qh6 21. Qh4
Qxh4 22. gxh4 Rxc4 23. c3 Nce5 24. Nd2 Rxa4 25. h3 Nxf2 26. Kxf2 Nd3+ 27. Kg3
Nxc1 28. Rxc1 Rd8 29. Re1 Kf8 0-1